000 00889nam a22002417a 4500
005 20100812105619.0
010 _aENG-99806
020 _a9788185578910
_c395.00
035 _aEN-83338
037 _bDBAD/PUB
082 _a362.10954
100 _aKartikeyan, S.
_911477
245 _aEssentials of health management /
_cby S. Kartikeyan [and] Abhinav R. Chaturvedi
260 _aMumbai
_bBhalani Publishing House
_c2009
270 _a11 Mavawala Building Opp.K.E.M. Hospital Parel
_bMumbai
300 _axii,394p.:
_bill.
_c25cm (pbk)
500 _aIncludes index
650 _aHealth Service Admistration
_911478
650 _aIndia
700 _aChaturvedi, Abhinav R.
_911479
942 _2ddc
_cEN
_h362.10954
_mKAR
999 _c41224
_d41224